00521nam a2200181Ia 4500003000400000005001700004008004100021020001800062040002900080050002300109100002500132245005700157260003100214300002700245490002900272650001500301700002300316OSt20230323153334.0221216s9999||||xx |||||||||||||| ||und|| a9780073314976 cChuka University Library aHG 4521b.J67 2008 aJordan, Bradford D.  0aFundamentals of investment: valuation and management aMcgraw hill bBostonc2008 a708 P.bIncludes Index aMcgraw series In Finance aInvestment a, Thomas W. Miller